000 00597nam a2200193Ia 4500
008 140321s9999 xx 000 0 und d
020 _a9780071088824
050 _aHF 5549.5.C67
_b.M599 2011
100 _aMilkovich, George T.
245 _aCompensation /
_cGeorge T. Milkovich, Jerry M. Newman and Barry Gerhart.
250 _a10th ed.
260 _aPhilippines :
_bMcGraw-Hill,
_cc2011.
300 _a689 p. :
_bill. ;
_c24 cm.
500 _aIncludes bibliographical references and indexes.
521 _aBSBA
650 _aCompensation management.
942 _kLOC
_cBK
999 _c48427
_d48427